Normal view
MARC view
Entry Personal Name
001 - CONTROL NUMBER
- control field: 46254
003 - CONTROL NUMBER IDENTIFIER
- control field: ARRUPE
005 - DATE AND TIME OF LATEST TRANSACTION
- control field: 20190503114539.0
008 - FIXED-LENGTH DATA ELEMENTS
- fixed length control field: 190503|| aca||aabn | a|a d
040 ## - CATALOGING SOURCE
- Original cataloging agency: ARRUPE
- Transcribing agency: ARRUPE
100 ## - HEADING--PERSONAL NAME
- Personal name: Dhliwayo, Kholisle David
670 ## - SOURCE DATA FOUND
- Source citation: Work cat.: (ARRUPE): Dhliwayo, Kholisle David , External traders in the Hinterland of Sofala 1810-1889, 2014.